000 00339 a2200157 4500
001 61122
020 _a8530503066
040 _cAnchieta - Pituba
100 _aAugusto, Angela Sulzer
240 1 0 _aSmart english
_lIng
245 1 0 _aSmart english
300 _a136
362 0 _a2002
650 4 _aInglês e inglês antigo
942 _cBK
999 _c61122
_d61122